A través de la trama (Record no. 141119)

MARC details
000 -LEADER
campo de control de longitud fija 00524nam a2200169 i 4500
001 - NÚMERO DE CONTROL
campo de control 141119
003 - IDENTIFICADOR DE NÚMERO DE CONTROL
campo de control ES-MaACL
005 - FECHA Y HORA DE LA ÚLTIMA TRANSACCIÓN
campo de control 20230906200227.0
007 - CAMPO FIJO DE DESCRIPCIÓN FÍSICA--INFORMACIÓN GENERAL
campo de control de longitud fija t|
008 - DATOS DE LONGITUD FIJA--INFORMACIÓN GENERAL
campo de control de longitud fija 070919s1984 sp ||||1| spa d
100 1# - ENTRADA PRINCIPAL--NOMBRE DE PERSONA
Nombre de persona Yurkievich, Saúl.
9 (RLIN) 117748
245 10 - MENCIÓN DEL TÍTULO
Título A través de la trama
Resto del título : sobre vanguardias literarias y otras concomitancias /
Mención de responsabilidad, etc. Saúl Yurkievich.
260 ## - PUBLICACIÓN, DISTRIBUCIÓN, ETC.
Lugar de publicación, distribución, etc. [Barcelona] :
Nombre del editor, distribuidor, etc. Muchnik,
Fecha de publicación, distribución, etc. [1984]
300 ## - DESCRIPCIÓN FÍSICA
Extensión 220 p. ;
Dimensiones 20 cm.
650 ## - PUNTO DE ACCESO ADICIONAL DE MATERIA--TÉRMINO DE MATERIA
Término de materia o nombre geográfico como elemento de entrada Crítica literaria.
9 (RLIN) 11448
852 ## - LOCALIZACIÓN
Ubicación ES-MaACL
Número de control de estantería L-6260
Sublocalización o colección R.107001
Holdings
Estatus retirado Estado de pérdida Estado de daño No para préstamo Biblioteca de origen Biblioteca actual Ubicación en estantería Fecha de adquisición Fuente de adquisición Total de préstamos Signatura topográfica completa Código de barras Visto por última vez Precio de reemplazo Tipo de ítem Koha
        Biblioteca del Ateneo de Madrid Biblioteca del Ateneo de Madrid Depósito 2 17/01/2008     L-6260 1146840 23/02/2023 23/02/2023 Libro impreso